000
00293nam a2200109Ia 4500
008
200302s9999 xx 000 0 und d
100
_a
julie Decker & Others
245
_a
Quonset Hut Metal Living for A Modern Age
260
_b
Princeton Architectural Press
260
_c
2005
300
_a
165 P.,
999
_c
5140
_d
5140